[Event "FRA-ch op-D"]
[Site "Pau"]
[Date "2008.08.16"]
[Round "5"]
[White "Baudet, Joel"]
[Black "Karsenti, Madeleine"]
[Result "1/2-1/2"]
[WhiteElo "1340"]
[BlackElo "1470"]
[PlyCount "120"]
[EventDate "2008.08.11"]
[EventType "swiss"]
[EventRounds "9"]
[EventCountry "FRA"]
[SourceTitle "CBM 126 Extra"]
[Source "ChessBase"]
[SourceDate "2008.11.05"]
[SourceVersion "1"]
[SourceVersionDate "2008.11.05"]
[SourceQuality "1"]

1. c4 e5 2. g3 Nf6 3. Bg2 c6 4. d3 Bb4+ 5. Bd2 Bxd2+ 6. Qxd2 0-0 7. Nc3 d6 8. Nf3 Bf5 9. e4 Be6 10. Ng5 Nbd7 11. Nxe6 fxe6 12. 0-0 a6 13. b3 b5 14. cxb5 cxb5 15. d4 Rb8 16. dxe5 Nxe5 17. Rad1 Ne8 18. f4 Qb6+ 19. Kh1 Ng4 20. Rf3 Rd8 21. Qd4 Qxd4 22. Rxd4 Nef6 23. e5 dxe5 24. Rxd8 Rxd8 25. h3 e4 26. Rf1 Ne3 27. Re1 Nxg2 28. Kxg2 Rd2+ 29. Re2 Rxe2+ 30. Nxe2 b4 31. Kf2 Kf7 32. Ke3 Ke7 33. Kd4 Kd6 34. g4 h6 35. Ng3 g6 36. Nxe4+ Nxe4 37. Kxe4 a5 38. h4 h5 39. gxh5 gxh5 40. f5 exf5+ 41. Kxf5 Kd5 42. Kg5 Kd4 43. Kxh5 Kc3 44. Kg5 Kb2 45. h5 Kxa2 46. h6 a4 47. bxa4 b3 48. h7 b2 49. h8Q b1Q 50. Qg8+ Ka3 51. Qf8+ Kxa4 52. Qa8+ Kb3 53. Kf4 Qc1+ 54. Ke5 Qc5+ 55. Kf4 Qd4+ 56. Kg3 Qe3+ 57. Kh2 Qf2+ 58. Kh1 Qh4+ 59. Kg1 Qg3+ 60. Kf1 Qh3+ 1/2-1/2

[Event "Champigny sur Marne op 6th"]
[Site "Champigny sur Marne"]
[Date "2006.02.18"]
[Round "4"]
[White "Dag, Bekhir"]
[Black "Baudet, Joel"]
[Result "1-0"]
[WhiteElo "1700"]
[BlackElo "1370"]
[PlyCount "73"]
[EventDate "2006.02.16"]
[EventType "swiss"]
[EventRounds "6"]
[EventCountry "FRA"]
[SourceTitle "EXT 2007"]
[Source "ChessBase"]
[SourceDate "2006.11.23"]
[SourceVersion "1"]
[SourceVersionDate "2006.11.23"]
[SourceQuality "1"]

1. Nf3 c5 2. e4 Nc6 3. Bc4 d6 4. Nc3 e5 5. d3 Be7 6. Be3 Nf6 7. Qd2 Bg4 8. h3 Bxf3 9. gxf3 a6 10. 0-0-0 Na5 11. Nd5 Nxd5 12. Bxd5 Qc7 13. f4 Nc6 14. f5 Nb4 15. Bb3 f6 16. Kb1 b5 17. Rhg1 Bf8 18. Be6 Qe7 19. c3 Nc6 20. Qc2 Kd8 21. d4 Kc7 22. dxc5 Rd8 23. cxd6+ Rxd6 24. Rxd6 Qxd6 25. Rd1 Qe7 26. Rd7+ Qxd7 27. Bxd7 Kxd7 28. Qd3+ Kc7 29. c4 Nb4 30. Qb3 bxc4 31. Qxc4+ Nc6 32. Qxa6 Bb4 33. a3 Be1 34. Bc5 Rb8 35. Qd3 Rd8 36. Qc2 Nd4 37. Bxd4+ 1-0